000 00844nam a22002657a 4500
001 6317
003 FISKH
005 20250421091800.0
008 250421b cb ||||| |||| 00| 0 eng d
020 _a9780439697064
040 _aFISKH
_beng
_cFISKH
_dFISKH
050 _aPZ7
082 _a746.43
100 _aTarlow, Ellen
245 _aFrom sheep to Sweater /
_cby Ellen Tarlow
260 _aNew York :
_bScholastic,
_c2004.
300 _a8 pages :
_bcolor illustrations ;
_c19 cm
505 _aG
520 _aSimple text and photos introduce young readers to the concept of how a sheep grows wool, and how that wool is processed, spun into yarn, and knitted into a sweater.
521 8 _a410
_bLexile
521 8 _aG
_bRaz-Plus
650 _aConsumer Goods
_vChildren's Book
942 _2ddc
_cBK
_n0
999 _c6317
_d6317